Statistiques concernant Pays commençant par M (avec une minute carte semi-vide)

Cliquez ici pour prendre le quiz!

Statistiques générales

  • Ce quiz a été pris 332 fois
  • Le résultat moyen est 190 sur 196

Réponses sur la Carte

Les réponses sont colorées sur une échelle allant du rouge au vert en fonction du pourcentage des utilisateurs qui les ont devinées à leur premier essai. Vous pouvez retrouver ces pourcentages ci-dessous.
 

Statistiques - réponses

pays% Correct
x
100%
Mali
89%
Mauritanie
88%
Mexique
86%
Mongolie
82%
Maroc
79%
Mozambique
77%
Malawi
66%
Madagascar
60%
Moldavie
60%
Macédoine
du Nord
54%
Malaisie
52%
Maldives
49%
Monténégro
47%
Malte
41%
Monaco
41%
Micronésie
36%

Distribution des résultats

Percentile par nombre de réponses

% des personnes avec chaque résultat

Votre développement - résultats

Vous n’avez pas pris ce quiz